000 00199 a2200097 4500
020 _a9781558855182
041 _aspa
100 _aAlicia Gaspar de Alba
245 _aSangre en el desierto
942 _cK
999 _c26770
_d26770